000 00714cam a22002533a 4500
001 2364
003 PGUSA
005 20140828083014.0
008 001001s2000||||xxu|||||s|||||000 1 eng d
040 _aPGUSA
_beng
042 _adc
050 4 _aPS
100 1 _aCrane, Stephen,
_d1871-1900
245 1 0 _aActive Service
_h[electronic resource] /
_cStephen Crane
260 _bProject Gutenberg,
_c2000
506 _aPublic domain in the USA.
516 _aElectronic text
653 _aFathers and daughters -- Fiction
653 _aGreece -- Fiction
653 _aMan-woman relationships -- Fiction
830 0 _aProject Gutenberg
_v2364
856 4 0 _uhttp://www.gutenberg.org/ebooks/2364
942 _cEB
999 _c231701
_d231701